| Tag |
First Indicator |
Second Indicator |
Subfields |
| LEADER |
00000cam a2200000 4500 |
| 001 |
in00000043780 |
| 005 |
20151007075015.0 |
| 008 |
760816s1936 nyua b 00010 eng |
| 010 |
|
|
|a 36012836
|
| 035 |
|
|
|a (OCoLC)02377189
|
| 035 |
|
|
|9 AAF2478AM
|
| 040 |
|
|
|a DLC
|c TOL
|d CHS
|d TXA
|d UtOrBLW
|
| 049 |
|
|
|a TXAM
|c [146821]
|
| 050 |
0 |
0 |
|a QL925
|b .D4
|
| 082 |
0 |
|
|a 591.48
|
| 092 |
|
|
|a 591.48
|b D483n
|
| 100 |
1 |
|
|a Detwiler, Samuel Randall,
|d 1890-1957.
|
| 245 |
1 |
0 |
|a Neuroembryology ;
|b an experimental study /
|c by Samuel R. Detwiler.
|
| 264 |
|
1 |
|a New York :
|b The Macmillan company,
|c 1936.
|
| 300 |
|
|
|a x pages, 1 ., 218 pages :
|b illustrations, diagrams ;
|c 22 cm.
|
| 336 |
|
|
|a text
|b txt
|2 rdacontent
|
| 337 |
|
|
|a unmediated
|b n
|2 rdamedia
|
| 338 |
|
|
|a volume
|b nc
|2 rdacarrier
|
| 490 |
1 |
|
|a Experimental biology monographs
|
| 504 |
|
|
|a Bibliography: pages 195-213.
|
| 650 |
|
0 |
|a Nervous system.
|
| 650 |
|
0 |
|a Vertebrates
|x Embryology.
|
| 830 |
|
0 |
|a Experimental biology monographs.
|
| 999 |
|
|
|a MARS
|
| 999 |
f |
f |
|s 31ad2911-fea4-379a-ad96-3af3852da91d
|i 4bac5439-f529-3e3c-a45d-4ad82d5bb848
|t 0
|
| 952 |
f |
f |
|p ric
|a Texas A&M University
|b Rellis Campus
|c Joint Library Facility
|d Remote Storage
|t 0
|e QL925 .D4
|h Library of Congress classification
|i unmediated -- volume
|m A14801007044
|
| 998 |
f |
f |
|a QL925 .D4
|t 0
|l Remote Storage
|